000 00254nam a2200109Ia 4500
008 190216s9999||||xx |||||||||||||| ||und||
100 _aLathif Gongi
245 0 _aHindi-Meri Mouth Ka Badh
260 _bIndraprastha Press
650 _aHindi
942 _cBK
999 _c15495
_d15495